Poetic and verse criticism of the reign of Elizabeth / (Record no. 164887)
[ view plain ]
| 000 -LEADER | |
|---|---|
| campo de control de longitud fija | 00865nam a22002055i 4500 |
| 001 - NÚMERO DE CONTROL | |
| campo de control | 164887 |
| 003 - IDENTIFICADOR DE NÚMERO DE CONTROL | |
| campo de control | ES-MaACL |
| 005 - FECHA Y HORA DE LA ÚLTIMA TRANSACCIÓN | |
| campo de control | 20230906213027.0 |
| 008 - DATOS DE LONGITUD FIJA--INFORMACIÓN GENERAL | |
| campo de control de longitud fija | 050622s1891 xxu |||| | eng d |
| 040 ## - FUENTE DE CATALOGACIÓN | |
| Centro catalogador/agencia de origen | CAM |
| Lengua de catalogación | spa |
| Centro/agencia transcriptor | CAM |
| 100 1# - ENTRADA PRINCIPAL--NOMBRE DE PERSONA | |
| Nombre de persona | Schelling, Felix E. |
| 9 (RLIN) | 104292 |
| 245 10 - MENCIÓN DEL TÍTULO | |
| Título | Poetic and verse criticism of the reign of Elizabeth / |
| Mención de responsabilidad, etc. | by Felix E. Schelling. |
| 260 ## - PUBLICACIÓN, DISTRIBUCIÓN, ETC. | |
| Lugar de publicación, distribución, etc. | Philadelphia ; |
| -- | New York ; |
| -- | Halle : |
| Nombre del editor, distribuidor, etc. | University of Pennsylvania Press : |
| -- | N.D.C. Hodges : |
| -- | Max Niemeyer, |
| Fecha de publicación, distribución, etc. | 1891. |
| 300 ## - DESCRIPCIÓN FÍSICA | |
| Extensión | 97 cm ; |
| Dimensiones | 23 cm. |
| 490 1# - MENCIÓN DE SERIE | |
| Mención de serie | Publications of the University of Pennsylvania. Series in Philology, Literature and Archaeology ; |
| Designación de volumen o secuencia | 1-1 |
| 830 0# - PUNTO DE ACCESO ADICIONAL DE SERIE-TÍTULO UNIFORME | |
| Título uniforme | Publications of the University of Pennsylvania. Series in Philology, Literature and Archaeology ; |
| Designación de volumen o secuencia | 1-1 |
| 9 (RLIN) | 188066 |
| 852 ## - LOCALIZACIÓN | |
| Ubicación | ES-MaACL |
| Número de control de estantería | G-15572 |
| Nota libre | -- Enc. hol. |
| Estatus retirado | Estado de pérdida | Estado de daño | No para préstamo | Colección | Biblioteca de origen | Biblioteca actual | Ubicación en estantería | Fecha de adquisición | Fuente de adquisición | Total de préstamos | Signatura topográfica completa | Código de barras | Visto por última vez | Precio de reemplazo | Tipo de ítem Koha |
|---|---|---|---|---|---|---|---|---|---|---|---|---|---|---|---|
| Libros del s. XIX | Biblioteca del Ateneo de Madrid | Biblioteca del Ateneo de Madrid | Sala Pecera Planta 3 | 17/01/2008 | G-15572 | 1172850 | 23/02/2023 | 23/02/2023 | Libro impreso antiguo |
